Datum a čas kvízu
28.5
Celkem bodů
Celkový počet nahraných bodů na tomto kvízu bez doplňovacích otázek.
9.
Pořadí na kvízu
Konečné umístění týmu na tomto kvízu.
Zaznamenané odpovědi
| # | Otázka | Odpověď | Body | Výsledky |
|---|---|---|---|---|
| 1. | Který sběratelský předmět byl... | poštovní známka | 0 | |
| 2. | V úterý se v jisté evropské mo... | Španělsko, princezna Leonor | 1 | |
| 3. | Jedna kapela ve čtvrtek vydala... | The Beatles | 1 | |
| 4. | Minulý týden otevřel jistý ame... | Popeye's | 1 | |
| 5. | Minulý týden proběhlo předáván... | Novak Djoković | 1 | |
| -14. | O které významné ženě 18. stol... | o Marii Antoinettě | 0 | |
| -13. | Přívlastkové víno, k jehož výr... | výběr z cibéb | 0 | |
| -12. | Jak se slovem začínajícím na p... | enologie | 0 | |
| -11. | Seřaďte státy níže podle množs... | 1D 2C 3B 4A | 1 | |
| -10. | Snaha zabránit plýtvání při zp... | grappa | 0 |